| 000 | 01058naa a2200241 c 4500 | ||
|---|---|---|---|
| 001 | 46418 | ||
| 003 | ES-MaCES | ||
| 005 | 20150924100548.0 | ||
| 008 | 150924s2015 sp ||||| t||||||| ||spa d | ||
| 040 |
_aES-MaCES _bspa _cES-MaCES _dES-MaCES |
||
| 100 | 1 |
_936021 _aSerrano Calle, Silvia |
|
| 245 | 1 | 3 |
_aLa reforma del sector de las telecomunicaciones en España _cSilvia Serrano Calle |
| 504 | _aBibliografía: p. 39 | ||
| 650 | 4 |
_927884 _atelecomunicaciones |
|
| 650 | 4 |
_929569 _atelemática |
|
| 650 | 4 |
_929892 _areforma legislativa |
|
| 650 | 4 |
_930438 _apolítica de las telecomunicaciones |
|
| 650 | 4 |
_926964 _aEspaña |
|
| 653 | 1 | 0 | _aTransporte-Comunicaciones |
| 773 | 0 |
_983336 _d[Madrid (Juan Hurtado de Mendoza, 14, 28036)] [Fundación Fondo para la Investigación Económica y Social, Obra Social de la Confederación Española de Cajas de Ahorros] _o086235 _tCuadernos de información económica _w(ES-MaCES)25356 _gn. 239 (marzo-abr. 2014) {10345 R. 086235} ;p. 25-39 |
|
| 902 | _aART Artículo de revista | ||
| 942 |
_2CES _cAR _h5.2. |
||
| 999 |
_c46418 _d46418 |
||